000 01610aam a2200385 a 4500
999 _c322717
_d322717
003 BLK
005 20231004143540.0
008 181012b bu |||gr|||| 00| 0 bu d
020 _a9789543985579
040 _aBLK
041 _aBUL
_cBUL
080 _aБългарска литература
_b821.163.2
_x(092)
_z821.163.2(092)
080 _aБългарски писател, драматург, дисидент
_b929 Марков, Георги Иванов
_z929 Марков, Георги Иванов
_x821.163.2(092)
100 _aАсенов, Бончо Станоев
_9363484
_eпърви автор
139 _aАсенов, Бончо Станоев
_bМ 32
245 _aСлучаят "Георги Марков"
260 _c2018
_9209481
_aСофия
_bТруд
_fАлианс принт
_g2018
_n978-954-398- ; 978-954-528-
300 _a280 с.
_bс ил.
_c21 см
380 _a0
500 _aБиогр. данни за авт. отбелязани на гърба на предзагл. с.
504 _aБиблиогр.: с. 273-278
600 1 4 _993259
_aМарков, Георги
650 0 _9316180
_aПисатели, български - в емиграция
653 7 _9193792
_aписатели
653 7 _9185256
_aдисиденти
653 7 _9186254
_aемигранти
700 _9244077
_aПаскалева, Олга
_eхудож.
852 _aЦб 292077
942 _cKNG
_2udc
_n0
_023
944 _aED
_c2018-12-04
_k30530
_lМинев Младен
999 _d322717
999 _d322717
999 _d322717
999 _d322717